Countries With The Lowest Corporate Taxes - Statistics

General Stats
  • This quiz has been taken 11 times
  • The average score is 4 of 10
Answer Stats
Tax % Country % Correct
0 Bahrain
100%
9 United Arab Emirates
100%
10 Qatar
88%
0 Bahamas
50%
5.5 Barbados
13%
10 Bulgaria
0%
9 Hungary
0%
10 Kosovo
0%
10 Paraguay
0%
0 Vanuatu
0%
No matching quizzes found
Score Distribution
Percent of People with Each Score
Percentile by Number Answered
Your Score History
You have not taken this quiz